How Many Countries Border? #2 - Statistics

General Stats
  • This quiz has been taken 37 times
  • The average score is 8 of 20
Answer Stats
Hint Answer % Correct
Greece 4
72%
Belgium 4
64%
Armenia 4
64%
Zimbabwe 4
52%
Montenegro 4
48%
Kosovo 4
48%
Kazakhstan 5
48%
Angola 4
44%
Italy 6
44%
Jordan 4
40%
Romania 5
40%
India 6
40%
Ivory Coast 5
36%
Peru 5
32%
Chad 6
32%
North Macedonia 5
24%
Iran 7
24%
Hungary 7
24%
Guinea 6
20%
Sudan 7
12%
No matching quizzes found
Score Distribution
Percent of People with Each Score
Percentile by Number Answered
Your Score History
You have not taken this quiz